Sự hài lòng với công việc của người giáo viên ( Sách chuyên khảo)

Nội dung cuốc sách được tập trung triển khai từ tiếp cận tâm lý học và các kiến thức của các lĩnh vực có liên quan được huy động ở mức độ nhất định.

Gorde:
Xehetasun bibliografikoak
Egile nagusia: Nguyễn Đức Sơn
Formatua: Liburua
Hizkuntza:Vietnamese
Argitaratua: H. Giáo dục Việt Nam 2016
Gaiak:
Etiketak: Etiketa erantsi
Etiketarik gabe, Izan zaitez lehena erregistro honi etiketa jartzen!
Thư viện lưu trữ: Thư viện Trường Đại học Nam Cần Thơ
LEADER 01191nam a22002057a 4500
001 NCT_54933
008 181105b xxu||||| |||| 00| 0 vie d
999 |c 2642  |d 2642 
020 |a 9786040095633  |c 42000 
082 0 4 |2 23rd ed.  |a 371.10019  |b S464 
100 1 |a Nguyễn Đức Sơn 
245 1 0 |a Sự hài lòng với công việc của người giáo viên  |b ( Sách chuyên khảo)  |c Nguyễn Đức Sơn 
260 |a H.  |b Giáo dục Việt Nam  |c 2016 
300 |a 183 tr.  |c 24cm 
520 3 |a Nội dung cuốc sách được tập trung triển khai từ tiếp cận tâm lý học và các kiến thức của các lĩnh vực có liên quan được huy động ở mức độ nhất định. 
653 |a Sách tham khảo 
942 |2 ddc  |c BK 
952 |0 0  |1 0  |2 ddc  |4 0  |6 371_100190000000000_S464  |7 0  |9 14818  |a 000001  |b 000001  |d 2018-11-05  |o 371.10019 S464  |p MD.09611  |r 2018-11-05  |v 42000.00  |w 2018-11-05  |y BK 
952 |0 0  |1 0  |2 ddc  |4 0  |6 371_100190000000000_S464  |7 0  |9 14819  |a 000001  |b 000001  |d 2018-11-05  |o 371.10019 S464  |p MD.09612  |r 2018-11-05  |v 42000.00  |w 2018-11-05  |y BK 
980 |a Thư viện Trường Đại học Nam Cần Thơ